[Event "Montreal POP op"]
[Site "Montreal"]
[Date "2005.??.??"]
[Round "3"]
[White "Kraiouchkine, Nikita"]
[Black "Triclot, Guillaume"]
[Result "0-1"]
[WhiteElo "1740"]
[BlackElo "1700"]
[PlyCount "84"]
[EventDate "2005.03.05"]
[EventType "swiss"]
[EventRounds "3"]
[EventCountry "CAN"]
[SourceTitle "EXT 2006"]
[Source "ChessBase"]
[SourceDate "2005.11.24"]
[SourceVersion "1"]
[SourceVersionDate "2005.11.24"]
[SourceQuality "1"]

1. Nf3 Nc6 2. d4 d5 3. g3 Nf6 4. Bg2 g6 5. 0-0 Bg7 6. Bg5 0-0 7. Nbd2 Ne4 8. c3 Nxg5 9. Nxg5 e5 10. Ngf3 exd4 11. cxd4 Nxd4 12. Nxd4 Bxd4 13. Qb3 c6 14. Rfd1 Qf6 15. Nf3 Bxb2 16. Rab1 Be5 17. Rbc1 Re8 18. Rd2 Re7 19. e3 Bd6 20. Nd4 Be6 21. Rdc2 Bf5 22. Nxf5 Qxf5 23. Rb1 Be5 24. Rc5 Qe6 25. Ra5 b6 26. Ra6 Bd6 27. Qa4 Bc5 28. Rb3 Qd7 29. Rb1 Rb8 30. e4 d4 31. e5 Rxe5 32. Bxc6 Qf5 33. Rf1 Re2 34. Bb5 d3 35. Qf4 Bxf2+ 36. Rxf2 Rxf2 37. Kxf2 Qc5+ 38. Kf3 Qd5+ 39. Kf2 Rc8 40. Qa4 Rc2+ 41. Ke3 Re2+ 42. Kf4 Qf5# 0-1